| 000 | 00000nam##2200000za#4500 |
| 001 | 9.612112 |
| 003 | CaOODSP |
| 005 | 20200327123931 |
| 007 | ta |
| 008 | 150406|1994||||xxc||||| f|0| 0 eng|d |
| 022 | |a0706-6457 |
| 040 | |aCaOODSP|beng |
| 043 | |an-cn--- |
| 086 | 1 |aFs97-6/1995E |
| 110 | 1 |aCanada. |bDepartment of Fisheries and Oceans. |
| 245 | 10|aStudies on some riverine insect emergence traps : |beffects of sampling frequency and trap design / |cby J. F. Flannagan and D. G. Cobb. |
| 260 | |aOttawa - Ontario : |bFisheries and Oceans Canada |c1994. |
| 300 | |aiv, 10p. : |bfigs., graphs, references, tables ; |c28 cm. |
| 490 | 1 |aCanadian technical report of fisheries and aquatic sciences|x0706-6457|v1995 |
| 500 | |aPrepared at the Central and Northern Region, Department of Fisheries and Oceans, Winnipeg, Manitoba R3T 2N6. |
| 546 | |aRésumés en français |
| 563 | |aSoftcover |
| 690 | 07|aFisheries|2gcpds |
| 720 | 1 |aFlannagan, J. F. |
| 720 | 1 |aCobb, D. G. |
| 776 | 0#|tStudies on some riverine insect emergence traps : |w(CaOODSP)9.573885 |
| 830 | #0|aCanadian technical report of fisheries and aquatic sciences,|x0706-6457|v1995|w(CaOODSP)9.514691 |